000 00393nam a2200145Ia 4500
008 090124s9999 xx 000 0 und d
082 _b303669
245 _a विसरु दे मला
250 _a1
260 _bनरवणे सुधा
_c1998
300 _a152
630 _a विसरु दे मला
730 _a विसरु दे मला
942 _cBOOK
999 _c193306
_d193306